Offene und verdeckte Arbeitslosigkeit in der Bundesrepublik <Der> Einfluss der Meldequote auf die Arbeitslosenstatistik
Na minha lista:
| Autor principal: | |
|---|---|
| Formato: | Livro |
| Idioma: | alemão |
| Publicado em: |
Tübingen
Mohr
1986
|
| Edição: | 1. Aufl. |
| Colecção: | Kieler Studien
205 |
| Tags: |
Sem tags, seja o primeiro a adicionar uma tag!
|
MARC
| LEADER | 00000nam a2200000 4500 | ||
|---|---|---|---|
| 001 | c040358 | ||
| 005 | 20221220072211.7 | ||
| 041 | 0 | |a ger | |
| 044 | |a DE | ||
| 245 | 1 | 0 | |a Offene und verdeckte Arbeitslosigkeit in der Bundesrepublik |b <Der> Einfluss der Meldequote auf die Arbeitslosenstatistik |c Rainer Schmidt |
| 250 | |a 1. Aufl. | ||
| 264 | 1 | |a Tübingen |b Mohr |c 1986 | |
| 300 | |a 124 s. | ||
| 490 | 1 | |a Kieler Studien |v 205 | |
| 830 | 0 | |a Kieler Studien |v 205 | |
| 100 | 1 | |a Schmidt, Rainer | |